|
|
|
|
| LEADER |
01070nam a22002772a 4500 |
| 001 |
000745088 |
| 003 |
CZ BrMZK |
| 005 |
20250326130858.0 |
| 007 |
ta |
| 008 |
041021s1977 xr er|||||||||||cze d |
| 015 |
|
|
|a cnb000459478
|
| 035 |
|
|
|a (OCoLC)42087751
|
| 040 |
|
|
|a BOA001
|b cze
|
| 100 |
1 |
|
|a Kufner, Josef
|7 jk01070688
|4 aut
|
| 245 |
1 |
0 |
|a Vybrané stati z biologie pro zahraniční posluchače středisek jazykové a odborné přípravy UK :
|c Josef Kufner
|
| 250 |
|
|
|a 2., přeprac. vyd.
|
| 260 |
|
|
|a Praha :
|b Státní pedagogické nakladatelství,
|c 1977
|
| 300 |
|
|
|a 420 s.
|
| 500 |
|
|
|a Rotaprint.
|
| 504 |
|
|
|a Bibliografie na s. 414.
|
| 710 |
2 |
|
|a Univerzita Karlova.
|b Ústav jazykové a odborné přípravy
|7 mzk2002202758
|
| 910 |
|
|
|a BOA001
|b 4-0770.496
|b PK-N-0018.584
|
| 964 |
|
|
|a Biologie - texty vysokoškolské pro cizince
|
| 990 |
|
|
|a BK
|
| 996 |
6 |
|
|b 2618774987
|c 4-0770.496
|l MZK
|r Sklad / do 1 hodiny
|n 0
|w 000745088
|u 000010
|a 1
|e BOA001
|j MZK50
|s P
|
| 996 |
7 |
|
|b 3119694893
|c PK-N-0018.584
|l MZK
|r Sklad / do 1 hodiny
|n 0
|w 000745088
|u 000020
|a 1
|e BOA001
|j MZK50
|s A
|